000 00284nam a22001337a 4500
008 170619b xxu||||| |||| 00| 0 eng d
020 _a0803990197
041 _aeng
080 _a32
100 _a20
101 _aSHP
245 _aWAVES OF DEMOCRACY
_cMARKOFF,J
942 _2udc
_cBK
999 _c18168
_d18168